| 000 | 00784nam a2200265 a 4500 | ||
|---|---|---|---|
| 005 | 20170126091855.0 | ||
| 008 | 140314b1985 ck ||||gr|||| 00| 0 spa d | ||
| 020 | _a9589129021 | ||
| 040 |
_aCO-BoIAVH _cCO-BoIAVH |
||
| 041 | _aspa | ||
| 044 | _ack | ||
| 082 | 4 |
_a578.777 _bP22f |
|
| 090 |
_aLB _b04028 |
||
| 100 | 1 |
_aParada Ruffinatti, Carmen _921782 |
|
| 245 | 1 | _aForaminíferos bentónicos recientes de la plataforma continental interna de isla Barú | |
| 260 |
_aBogotá _bFEN Colombia _c1985 |
||
| 300 |
_a212 paginas. _c24 x 17 cm |
||
| 650 | 6 |
_aEcologia _953801 |
|
| 650 | 6 |
_a Fauna béntica _953803 |
|
| 650 | 6 |
_aFlora béntica _953804 |
|
| 650 | 6 |
_953802 _aComunidades acuáticas |
|
| 700 | 1 |
_aPinto Nolla, Juan _921890 |
|
| 942 |
_cLIBRO _2ddc |
||
| 945 | _d2005-03-31 | ||
| 999 |
_c4370 _d4370 |
||